[Event "Olympiad-40"]
[Site "Istanbul"]
[Date "2012.09.03"]
[Round "6.4"]
[White "Kongsee, Uaychai"]
[Black "Chavez, Hector Eduardo"]
[Result "1-0"]
[WhiteElo "2273"]
[BlackElo "2153"]
[PlyCount "61"]
[EventDate "2012.08.28"]
[EventType "team-swiss"]
[EventRounds "11"]
[EventCountry "TUR"]
[SourceTitle "CBM 151"]
[Source "ChessBase"]
[SourceDate "2012.11.13"]
[SourceVersion "1"]
[SourceVersionDate "2012.11.13"]
[SourceQuality "1"]
[WhiteTeam "Thailand"]
[BlackTeam "El Salvador"]
[WhiteTeamCountry "THA"]
[BlackTeamCountry "ESA"]

1. e4 c5 2. Nf3 g6 3. d4 cxd4 4. Nxd4 Bg7 5. Nc3 Nc6 6. Be3 Nf6 7. Bc4 0-0 8. Bb3 a5 9. f3 d5 10. exd5 Nb4 11. Nde2 a4 12. Nxa4 Nfxd5 13. Bf2 Rxa4 14. Bxa4 Bxb2 15. 0-0 Qa5 16. Rb1 Bc3 17. Bb3 Rd8 18. a3 Nc6 19. Qc1 Bd2 20. Qb2 Ne3 21. Bxe3 Bxe3+ 22. Kh1 Rd2 23. Bxf7+ Kf8 24. Bb3 Nd4 25. Qc3 Qxc3 26. Nxc3 Nxc2 27. Ne4 Nxa3 28. Nxd2 Bxd2 29. Ra1 Bb4 30. Rxa3 Bxa3 31. Ra1 1-0

[Event "Olympiad-40"]
[Site "Istanbul"]
[Date "2012.08.28"]
[Round "1.4"]
[White "Can, Emre"]
[Black "Kongsee, Uaychai"]
[Result "1-0"]
[WhiteElo "2435"]
[BlackElo "2273"]
[PlyCount "77"]
[EventDate "2012.08.28"]
[EventType "team-swiss"]
[EventRounds "11"]
[EventCountry "TUR"]
[SourceTitle "CBM 151"]
[Source "ChessBase"]
[SourceDate "2012.11.13"]
[SourceVersion "1"]
[SourceVersionDate "2012.11.13"]
[SourceQuality "1"]
[WhiteTeam "Turkey"]
[BlackTeam "Thailand"]
[WhiteTeamCountry "TUR"]
[BlackTeamCountry "THA"]

1. e4 c5 2. Nf3 d6 3. Bb5+ Bd7 4. Bxd7+ Qxd7 5. 0-0 Nc6 6. c3 Nf6 7. d4 cxd4 8. cxd4 Nxe4 9. d5 Ne5 10. Re1 Nxf3+ 11. Qxf3 Nf6 12. Nc3 Qg4 13. Qd3 g6 14. Nb5 Rd8 15. Be3 Bg7 16. Nc7+ Kf8 17. Bxa7 Nh5 18. Qe3 Be5 19. Rad1 Rc8 20. Bb6 Kg7 21. g3 h6 22. b3 g5 23. Bd4 Bxd4 24. Rxd4 Qd7 25. Rc4 b5 26. Nxb5 Nf6 27. Nd4 Nxd5 28. Qe4 e6 29. Nf5+ Kf6 30. Rxc8 Rxc8 31. Nxh6 Kg7 32. Nf5+ Kf6 33. Nd4 Kg7 34. Nf3 Qd8 35. Kg2 Qf6 36. Qg4 Kh6 37. h4 gxh4 38. Rh1 Qg6 39. Qd4 1-0

[Event "Ho Chi Minh City HD Bank op 1st"]
[Site "Ho Chi Minh City"]
[Date "2011.01.05"]
[Round "3"]
[White "Kongsee, Uaychai"]
[Black "Lou, Yiping"]
[Result "0-1"]
[WhiteElo "2264"]
[BlackElo "2429"]
[PlyCount "130"]
[EventDate "2011.01.04"]
[EventType "swiss"]
[EventRounds "9"]
[EventCountry "VIE"]
[SourceTitle "CBM 140 Extra"]
[Source "ChessBase"]
[SourceDate "2011.03.01"]
[SourceVersion "1"]
[SourceVersionDate "2011.03.01"]
[SourceQuality "1"]

1. e4 e6 2. d4 d5 3. Nc3 Bb4 4. e5 c5 5. a3 Bxc3+ 6. bxc3 Ne7 7. Qg4 0-0 8. Bd3 Nbc6 9. Qh5 Ng6 10. Nf3 Qc7 11. 0-0 c4 12. Be2 Bd7 13. Re1 f6 14. g3 Nce7 15. exf6 Rxf6 16. Nh4 Nxh4 17. Qxh4 Raf8 18. Bg4 Qa5 19. Bd2 Qa4 20. Bg5 Ng6 21. Qh3 Rxf2 22. Bxe6+ Bxe6 23. Qxe6+ Kh8 24. Re2 Rxe2 25. Qxe2 h6 26. Be3 Kh7 27. Kg2 Qe8 28. Re1 Qe4+ 29. Kg1 Rf3 30. Bd2 Qf5 31. Qg2 h5 32. Re3 Rxe3 33. Bxe3 Nf8 34. h3 Nd7 35. g4 Qe6 36. Bg5 hxg4 37. hxg4 Kg6 38. Bh4 Qe3+ 39. Kh2 Qf4+ 40. Kh3 Qe3+ 41. Kh2 Qf4+ 42. Kh3 Qf7 43. Qe2 Kh7 44. Kg3 a6 45. Bg5 Kg8 46. Bh4 Nf8 47. Bg5 Qe6 48. Qf3 Nh7 49. Bf4 Qe1+ 50. Kg2 Nf6 51. Be5 Ne4 52. Qf5 Qd2+ 53. Kg1 Qd1+ 54. Kg2 Qxc2+ 55. Kg1 Qc1+ 56. Kg2 Qd2+ 57. Kg1 Qg5 58. Qe6+ Kh7 59. Qxd5 Qxg4+ 60. Kh2 Nd2 61. Kh1 Nf3 62. Bh2 b5 63. Qc6 Nxh2 64. Kxh2 Qh5+ 65. Kg3 Qg6+ 0-1

[Event "Ho Chi Minh City HD Bank op 1st"]
[Site "Ho Chi Minh City"]
[Date "2011.01.05"]
[Round "4"]
[White "Senador, Emmanuel"]
[Black "Kongsee, Uaychai"]
[Result "1/2-1/2"]
[WhiteElo "2408"]
[BlackElo "2264"]
[PlyCount "159"]
[EventDate "2011.01.04"]
[EventType "swiss"]
[EventRounds "9"]
[EventCountry "VIE"]
[SourceTitle "CBM 140 Extra"]
[Source "ChessBase"]
[SourceDate "2011.03.01"]
[SourceVersion "1"]
[SourceVersionDate "2011.03.01"]
[SourceQuality "1"]

1. e4 c5 2. d4 cxd4 3. c3 dxc3 4. Nxc3 e6 5. Nf3 a6 6. Bc4 Nc6 7. 0-0 Nge7 8. Bg5 f6 9. Bh4 Ng6 10. Bg3 b5 11. Bb3 Bb7 12. a3 Rc8 13. Rc1 Be7 14. Re1 0-0 15. Nd5 Nge5 16. Nh4 Kh8 17. Nxe7 Qxe7 18. f4 Nf7 19. Qd2 b4 20. a4 Na5 21. Bc2 Rc6 22. Rcd1 Qc5+ 23. Bf2 Qxc2 24. Qxb4 d6 25. Qxa5 Rc4 26. Rd2 Qxa4 27. Qh5 Kg8 28. Qg4 Rxe4 29. Rxe4 Bxe4 30. Bd4 e5 31. Bc3 Kh8 32. h3 Re8 33. fxe5 fxe5 34. Kh2 Nh6 35. Qh5 d5 36. Bxe5 Qc6 37. Rf2 Qe6 38. Bd4 Kg8 39. Qg5 Qe7 40. Qg3 Rf8 41. Rxf8+ Qxf8 42. Qe5 Nf7 43. Qe6 Qd6+ 44. Qxd6 Nxd6 45. g4 Kf7 46. Kg3 g6 47. Nf3 Bxf3 48. Kxf3 Ke6 49. Kg2 Ne4 50. h4 Nd6 51. h5 Nf7 52. hxg6 hxg6 53. Bc5 g5 54. Kg3 Ke5 55. Kf3 d4 56. Be7 Kd5 57. b3 Ne5+ 58. Ke2 Ke4 59. Bxg5 Nxg4 60. Kd2 Ne5 61. Kc2 Nf3 62. Bh6 Ne1+ 63. Kd2 Nd3 64. Bf8 Ne5 65. Bh6 Nd7 66. Kc2 Nc5 67. Bf8 Ne6 68. Bh6 Nf4 69. Kd2 Ne6 70. Kc2 Nc5 71. Bf8 Nd7 72. Bh6 Ne5 73. Kd2 Nf3+ 74. Kc2 Nh4 75. Kd2 Nf5 76. Bg5 Ng7 77. Bh6 Ne6 78. Kc2 Kd5 79. Kd3 Nc5+ 80. Kc2 1/2-1/2